Psicología de la lectura: diagnóstico y tratamiento de los trastornos de lectura
Gorde:
| Egile nagusia: | |
|---|---|
| Formatua: | Liburua |
| Hizkuntza: | gaztelania |
| Argitaratua: |
Madrid
Escuela Española
1994
|
| Gaiak: | |
| Etiketak: |
Etiketa erantsi
Etiketarik gabe, Izan zaitez lehena erregistro honi etiketa jartzen!
|
MARC
| LEADER | 00000nam a2200000 a 4500 | ||
|---|---|---|---|
| 001 | UCS0011 | ||
| 003 | CL-VaPUC | ||
| 008 | 970418e19940000SP |||||||||||||||||spa|d | ||
| 082 | 0 | 4 | |a 371.9144 |b CUE |2 21 |
| 100 | 0 | |a Cuetos Vega, Fernando |e author |9 383078 | |
| 245 | 1 | 0 | |a Psicología de la lectura: diagnóstico y tratamiento de los trastornos de lectura |
| 300 | |a 125 p | ||
| 942 | |c BK | ||
| 945 | |d 19970418 00:00:00 |a rleighto | ||
| 260 | |a Madrid |b Escuela Española |c 1994 | ||
| 650 | 7 | |a PSICOLOGIA DE LA LECTURA |2 CL-VaPUC |9 307355 | |
| 650 | 0 | |a Lectura |9 307634 | |
| 650 | 0 | |a Trastornos del aprendizaje |9 307969 | |
| 650 | 0 | |a Dislexia |9 307487 | |
| 650 | 0 | |a Métodos de enseñanza |9 270413 | |
| 583 | |a last modification |c 19970418 00:00:00 |k Rodrigo Vera | ||
| 999 | |c 258289 |d 258287 | ||
| 952 | |0 0 |1 0 |4 0 |6 371_914400000000000_CUE_1994 |7 0 |8 A |9 282276 |a BIBEDU |b BIBEDU |d 2019-11-19 |i 3300870 |o 371.9144 CUE 1994 |p 3300870 |r 2019-11-19 |w 2019-11-19 |y BK |k EPE | ||
| 952 | |0 0 |1 0 |4 0 |6 371_914400000000000_CUE_1994 |7 0 |8 A |9 282277 |a FDOPOS |b FDOPOS |d 2019-11-19 |i 3351653 |o 371.9144 CUE 1994 |p 3351653 |r 2025-01-22 |w 2019-11-19 |y BK |k MLA | ||